LEADER 00780nam0-22002891i-450- 001 990005616720403321 005 20070724104334.0 010 $a0-214-66878-9 035 $a000561672 035 $aFED01000561672 035 $a(Aleph)000561672FED01 035 $a000561672 100 $a19990604d1973----km-y0itay50------ba 101 0 $aita 105 $aa-------00--- 200 1 $aModern Prints since 1942$fby Riva Castleman 210 $aLondon$cBarrie & Jenkins$d1973 215 $a172 p.$cill.$d32 cm 676 $a769 700 1$aCastleman,$bRiva$0216728 801 0$aIT$bUNINA$gRICA$2UNIMARC 901 $aBK 912 $a990005616720403321 952 $a769 CAS 1$bST.ARTE 11586$fFLFBC 959 $aFLFBC 996 $aModern Prints since 1942$9603539 997 $aUNINA LEADER 01583nam 2200397Ia 450 001 996393682403316 005 20210104172002.0 035 $a(CKB)4940000000119812 035 $a(EEBO)2240869967 035 $a(OCoLC)ocn767839676e 035 $a(OCoLC)767839676 035 $a(EXLCZ)994940000000119812 100 $a20111208d1700 uy 0 101 0 $aeng 135 $aurbn||||a|bb| 200 10$aBishop Cozens's argument, proving, that adultery works a dissolution of the marriage$b[electronic resource] $ebeing the substance of several of Bishop Cozens his speeches in the House of Lords, upon the debate of Lord Ross's case : taken from original papers writ in the Bishop's own hand 210 $a[London $cs.n.$d1700] 215 $a4 p 300 $aCaption title. 300 $aPlace and date of publication suggested by Wing (2nd ed.). 300 $aImperfect: tightly bound and torn with slight loss of text. 300 $aReproduction of original in: Queen's College (University of Oxford). Library. 330 $aeebo-0119 606 $aAdultery$zEngland$vEarly works to 1800 606 $aImpediments to marriage$zEngland$vEarly works to 1800 615 0$aAdultery 615 0$aImpediments to marriage 700 $aCosin$b John$f1594-1672.$01004126 712 02$aEngland and Wales.$bParliament.$bHouse of Lords. 801 0$bUMI 801 1$bUMI 801 2$bUMI 906 $aBOOK 912 $a996393682403316 996 $aBishop Cozens's argument, proving, that adultery works a dissolution of the marriage$92381906 997 $aUNISA